000 00358nam a2200133Ia 4500
008 230818s2000 xx 000 0 und d
041 _aeng
100 _aBy shirings for success
245 _aIntroduction to Catering Ingrediment
260 _bDelmar pub.
_c2000
300 _a398p
520 _aGeneral | Hard Board
999 _c854637
_d854637
650 _aHotel Operation Management